01367nam a2200301 a 4500001001000000003001700010005001700027008004100044015001500085020001500100020002300115040003900138050002200177082001900199100001500218245005900233260003900292300005600331500004600387500025900433504001900692650006000711650005800771700002400829700005900853700007300912700008000985010260839ALUPE UNIEVRSITY20210623061321.0900404m19901992enk 000 0 eng d aGB-9014072 a0406146012 a0406014213 (suppl) cALUPE UNIEVRSITYdALUPE UNIEVRSITY 0aKD3168b.H46 1990 a344.1044652201 aFife, Ian.10aHealth and safety /cby Ian Fife and E. Anthony Machin aLondon :bButterworths,c1990-1992 alxxv, 1700 p ;c18 cm +esupplement (xxvii, 247 p.) aAt head of t.p.: Redgrave Fife and Machin aComprises amalgamation and revision of Redgrave's Health and safety in factories, 2nd ed. 1982, (in effect the 24th ed. of the book originally publ. by Alexander Redgrave in 1878) and Health and safety at work, 1980 both by Ian Fife and E. Anthony Machin aIncludes index 0aIndustrial hygienexLaw and legislationzGreat Britain. 0aIndustrial safetyxLaw and legislationzGreat Britain1 aMachin, E. Anthony.1 aFife, Ian.tRedgrave's health and safety in factories.1 aFife, Ian.tHealth and safety at work excluding factories and mines.1 aRedgrave, Alexander,d1818-1894.tRedgrave's health and safety in factories